Standard form of cost analysis (Record no. 108156)
[ view plain ]
| 000 -LEADER | |
|---|---|
| fixed length control field | 01402cam a22002415a 4500 |
| 001 - CONTROL NUMBER | |
| control field | E143423 |
| 008 - FIXED-LENGTH DATA ELEMENTS--GENERAL INFORMATION | |
| fixed length control field | 080507s2008 xxk f 000 0 eng d |
| 020 ## - INTERNATIONAL STANDARD BOOK NUMBER | |
| International Standard Book Number | 9781904829775 |
| 035 ## - SYSTEM CONTROL NUMBER | |
| System control number | (Sirsi) u143423 |
| 041 0# - LANGUAGE CODE | |
| Language code of text/sound track or separate title | eng |
| 050 04 - LIBRARY OF CONGRESS CALL NUMBER | |
| Classification number | 692.5 $2 18 |
| 110 2# - MAIN ENTRY--CORPORATE NAME | |
| Corporate name or jurisdiction name as entry element | Building Cost Information Service |
| 9 (RLIN) | 1096 |
| 245 00 - TITLE STATEMENT | |
| Title | Standard form of cost analysis |
| Remainder of title | principles, instructions and definitions |
| 250 ## - EDITION STATEMENT | |
| Edition statement | 3rd ed. |
| 260 ## - PUBLICATION, DISTRIBUTION, ETC. | |
| Place of publication, distribution, etc. | London |
| Name of publisher, distributor, etc. | BCIS |
| Date of publication, distribution, etc. | 2008 |
| 300 ## - PHYSICAL DESCRIPTION | |
| Extent | 82p. |
| Dimensions | 30cm. |
| 520 ## - SUMMARY, ETC. | |
| Summary, etc. | This publication describes the rules for preparing an elemental cost analysis in standard BCIS format. It sets out: the principles of analysis; instructions on the information required to complete a costs analysis; general definitions; definitions of the elements and sub-elements and element unit quantities. |
| 520 ## - SUMMARY, ETC. | |
| Summary, etc. | Contains example analysis forms; describes the BCIS elemental XML schema and the BCIS analysis writer programme. More detailed analysis relates costs of specific forms of construction with the element shown by 'all-in' unit rates. Supporting information on contract, design/shape and market factors is defined so that the costs analysed can be fully understood. The aim has been to produce standardisation of cost analyses and a single format for presentation. |
| 590 ## - LOCAL NOTE (RLIN) | |
| Local note | KA |
| 651 #4 - SUBJECT ADDED ENTRY--GEOGRAPHIC NAME | |
| Geographic name | England and Wales |
| Chronological subdivision | 1543- |
| 690 ## - LOCAL SUBJECT ADDED ENTRY--TOPICAL TERM (OCLC, RLIN) | |
| Topical term or geographic name as entry element | BUILT ENVIRONMENT-BUILDING COSTS |
| 942 ## - ADDED ENTRY ELEMENTS (KOHA) | |
| Suppress in OPAC | 0 |
| Withdrawn status | Lost status | Source of classification or shelving scheme | Damaged status | Not for loan | Home library | Current library | Shelving location | Date acquired | Total Checkouts | Full call number | Barcode | Date last seen | Copy number | Price effective from | Koha item type | Date last checked out |
|---|---|---|---|---|---|---|---|---|---|---|---|---|---|---|---|---|
| Dewey Decimal Classification | London | London | RICS Boxes | 03/06/2008 | RICS 2008/18 | 30074711 | 06/08/2019 | 1 | 06/08/2019 | Archive | ||||||
| Dewey Decimal Classification | London | London | RICS Boxes | 03/06/2008 | RICS 2008/18 | 30074710 | 06/08/2019 | 1 | 06/08/2019 | Reference material | ||||||
| Dewey Decimal Classification | London | London | RICS Boxes | 03/06/2008 | 6 | RICS 2008/18 | 30074712 | 06/08/2019 | 3 | 06/08/2019 | Book | 09/04/2009 |